Weaving for the gods (Record no. 10239)

MARC details
000 -CABECERA
campo de control de longitud fija 00908nam a2200253 a 4500
001 - NÚMERO DE CONTROL
campo de control BRL_1429
005 - FECHA Y HORA DE LA ÚLTIMA TRANSACCIÓN
campo de control 20190320211211.0
008 - DATOS DE LONGITUD FIJA--INFORMACIÓN GENERAL
campo de control de longitud fija 140114m19992000u--oab####---#000-0#eng-#
020 ## - NÚMERO INTERNACIONAL ESTÁNDAR DEL LIBRO
Número Internacional Estándar del Libro 0966514440
041 ## - CÓDIGO DE LENGUA
Código de lengua del texto/banda sonora o título independiente eng
044 ## - CÓDIGO DEL PAÍS DE LA ENTIDAD EDITORA/PRODUCTORA
Código MARC del país u
050 #4 - SIGNATURA TOPOGRÁFICA DE LA BIBLIOTECA DEL CONGRESO
Número de clasificación F2230.1.S7
Número de documento/Ítem .W43 1999
245 10 - MENCIÓN DE TÍTULO
Título Weaving for the gods
Resto del título textiles of the Ancient Andes, october 30, 1999 to march 19, 2000
Mención de responsabilidad, etc. Deborah Brinckerhoff curator.
260 ## - PUBLICACIÓN, DISTRIBUCIÓN, ETC.
Lugar de publicación, distribución, etc. Greenwich, Connecticut
Nombre del editor, distribuidor, etc. Bruce Museum of Arts and Science
Fecha de publicación, distribución, etc. 1999-2000
300 ## - DESCRIPCIÓN FÍSICA
Extensión 44 p.
Otras características físicas il., fotografías ( a color), mapa
Dimensiones 28 cm.
500 ## - NOTA GENERAL
Nota general Au1677
504 ## - NOTA DE BIBLIOGRAFÍA, ETC.
Nota de bibliografía, etc. Bibliografía: p. 44
650 14 - PUNTO DE ACCESO ADICIONAL DE MATERIA--TÉRMINO DE MATERIA
Término de materia o nombre geográfico como elemento de entrada Indígenas de América del Sur
Subdivisión de forma Exposiciones
Subdivisión general Telas
9 (RLIN) 26878
650 14 - PUNTO DE ACCESO ADICIONAL DE MATERIA--TÉRMINO DE MATERIA
Término de materia o nombre geográfico como elemento de entrada Industría textil indígena
Subdivisión de forma Exposiciones
Subdivisión geográfica América del Sur
9 (RLIN) 26879
700 1# - PUNTO DE ACCESO ADICIONAL--NOMBRE DE PERSONA
Nombre de persona Brinckerhoff, Deborah
9 (RLIN) 26880
710 2# - PUNTO DE ACCESO ADICIONAL--NOMBRE DE ENTIDAD CORPORATIVA
Nombre de entidad corporativa o nombre de jurisdicción como elemento de entrada Bruce Museum of Arts and Science
9 (RLIN) 26881
902 ## - CATALOGADOR
Iniciales GRL
942 ## - ELEMENTOS DE PUNTO DE ACCESO ADICIONAL (KOHA)
Fuente del sistema de clasificación o colocación Library of Congress Classification
Tipo de ítem Koha Libros
Holdings
Estado de retiro Estado de pérdida Estado dañado No para préstamo Localización permanente Ubicación/localización actual Fecha de adquisición Número de inventario Total de préstamos Signatura topográfica completa Código de barras Fecha visto por última vez Precio válido a partir de Tipo de ítem Koha
El ejemplar forma parte de la colección y puede ser consultado según las políticas vigentes.       Biblioteca Centro de Estudios Ruth D. Lechuga Biblioteca Centro de Estudios Ruth D. Lechuga 14/01/2014 Au1677   F2230.1.S7 .W43 1999 (Au1677) GRL01590 22/03/2019 22/03/2019 Libros